Colombia: indulto a paramilitares /

Salvato in:
Dettagli Bibliografici
Autore principale: Petro, Gustavo
Natura: testo
Tags: Aggiungi Tag
Nessun Tag, puoi essere il primo ad aggiungerne!!

MARC

LEADER 00000 a a2200000 04500
001 48376
003
040
100 |a Petro, Gustavo  
245 |a Colombia:   |b indulto a paramilitares /  |c Gustavo Petro  
773 |g número362, (2002), páginas 9-11  
999 |c 38240  |d 38240